Die beliebtesten Sportarten Deutschlands - Statistiken

Allgemein
  • Dieses Quiz wurde 556 mal gespielt
  • Das Durchschnittsergebnis liegt bei 6 aus 10
Antwortstatistiken
Platz Sportart % Korrekt
1 Fußball
100%
7 Handball
91%
3 Tennis
85%
10 Schwimmen
68%
6 Leichtathletik
57%
9 Golf
54%
2 Turnen
43%
8 Reiten / Reitsport
39%
5 Alpenvereine / Alpine Vereine
13%
4 Schützenvereine / Schießen
11%
Keine übereinstimmenden Quizze gefunden
Verteilung der Resultate
Anzahl Personen mit jedem Resultat
Perzentil nach korrekt beantworteten Fragen
Ihre Resultats-Entwicklung
Sie haben dieses Quiz noch nicht gespielt